Estadísticas para Cultura General Fácil #7

Haz click aquí para intentar la prueba.

Estadísticas generales

  • Esta prueba ha sido intentada 2.544 veces
  • La puntuación promedio es 16 de 20

Estadísticas de respuestas

PreguntaRespuesta% Correcto
¿De qué país son los famosos futbolistas Ronaldo y Ronaldinho?Brasil
96%
¿Qué palabra es lo opuesto a "público"?Privado
96%
¿Qué limita con Inglaterra y es conocido por el golf y las faldas escocesas?Escocia
95%
¿Qué empresa fundó Mark Zuckerberg?Facebook
95%
Canadá tiene dos idiomas oficiales. Uno es inglés. ¿Cuál es el otro?Francés
95%
¿Qué animal puede tener dos jorobas si es bactriano y una si es dromedario?Camello
94%
¿Cuántas estrellas tiene Estados Unidos en su bandera?50
93%
¿Cuál es la pieza de ajedrez más común?Peón
93%
¿A qué tipo de criaturas no le gusta el ajo, la luz del sol o los pedazos de madera puntiagudos?Vampiros
92%
¿Qué animal obtiene el 99% de su alimento de las plantas de bambú?Panda Gigante
91%
¿Quién fue el actor masculino principal en la película "Titanic" de 1997?Leonardo DiCaprio
90%
¿Qué héroe popular inglés disparó un arco y una flecha, robó a los ricos y se lo dio a los pobres?Robin Hood
87%
¿Quién es el actual rey del Reino Unido?Carlos III
83%
Clark Kent entra en una cabina telefónica y se cambia de ropa. Quién sale?Superman
77%
¿De que país es capital Manila?Filipinas
72%
¿Cuál es el tipo de ave más grande?Avestruz
70%
Un grupo de peces se llama cardumen. ¿Cómo se llama un grupo de pájaros?Bandada
65%
¿Qué elemento de la tabla periódica proporciona el combustible para la mayoría de las centrales nucleares?Uranio
56%
¿Qué está hecho de arena y rima con luna?Duna
45%
En el cuento de hadas, ¿quién plantó frijoles mágicos y luego conoció a un gigante?Jack
42%

Distribución de puntuación

Porcentaje por número respondido

Porcentaje de gente con cada puntuación

Historial de tus puntuaciones

No has intentado esta prueba.